000 00892cam a2200205 4500
001 WB3908-10
008 030225n2003 000 0 eng u
035 _a(Sirsi) u121422
245 _aSustainability report highlights past problems
260 _c2003
490 _aPlanning (for the Natural and Built Environment)
_v(1507) 21 February 2003, 2(1)
520 _aPlanners and architects at the University of the West of England have published "Shaping neighbourhoods: health, sustainability, vitality" which urges a more collaborative approach to development to coordinate design and social policy. Copies are available from Routledge t +44 (0)1264 343071
590 _aWB
650 _aSustainability
_96271
650 _aNEIGHBOURHOOD REGENERATION
650 _aBROWNFIELD DEVELOPMENT
650 _aGREENFIELD DEVELOPMENT
690 _aPROPERTY-PROPERTY DEVELOPMENT
942 _n0
999 _c72150
_d72150